000 00367nam a2200157Ia 4500
005 20240807062239.0
008 240806s9999||||xx |||||||||||||| ||eng||
041 _aeng
082 _a891.433
_bSHAA
100 _aOmkar Sharad
245 0 _aAntim bela /
_cOmkar Sharad
260 _bSulekh Mudralay All.
300 _a160
650 _aGeneral Studies
942 _cBK
999 _c13041
_d13041